My answer / (Record no. 812)
[ view plain ]
| 000 -LEADER | |
|---|---|
| fixed length control field | 00707nam a22002173a 4500 |
| 001 - CONTROL NUMBER | |
| control field | 000025304998 |
| 003 - CONTROL NUMBER IDENTIFIER | |
| control field | OSt |
| 005 - DATE AND TIME OF LATEST TRANSACTION | |
| control field | 20180824173108.0 |
| 008 - FIXED-LENGTH DATA ELEMENTS--GENERAL INFORMATION | |
| fixed length control field | 010509t19671960onc 000 0 eng |
| 040 ## - CATALOGING SOURCE | |
| Original cataloging agency | DLC |
| Language of cataloging | DLC |
| Transcribing agency | DLC |
| 082 ## - DEWEY DECIMAL CLASSIFICATION NUMBER | |
| Classification number | 207.6 |
| Item number | G738M |
| 100 1# - MAIN ENTRY--PERSONAL NAME | |
| Personal name | Graham, Billy, |
| Dates associated with a name | 1918- |
| 245 10 - TITLE STATEMENT | |
| Title | My answer / |
| Statement of responsibility, etc. | Billy Graham. |
| 250 ## - EDITION STATEMENT | |
| Edition statement | A Pocket book ed. |
| 260 ## - PUBLICATION, DISTRIBUTION, ETC. | |
| Place of publication, distribution, etc. | Richmond Hill, Ont. : |
| Name of publisher, distributor, etc. | Simon & Schuster of Canada, |
| Date of publication, distribution, etc. | 1967, c1960. |
| 300 ## - PHYSICAL DESCRIPTION | |
| Extent | viii, 243 p. ; |
| Dimensions | 18 cm. |
| 490 0# - SERIES STATEMENT | |
| Series statement | Pocket book ; |
| Volume/sequential designation | 75304 |
| 942 ## - ADDED ENTRY ELEMENTS (KOHA) | |
| Source of classification or shelving scheme | Dewey Decimal Classification |
| Koha item type | Books |
| Withdrawn status | Lost status | Source of classification or shelving scheme | Damaged status | Not for loan | Collection code | Home library | Current library | Shelving location | Date acquired | Total Checkouts | Full call number | Barcode | Date last seen | Price effective from | Koha item type |
|---|---|---|---|---|---|---|---|---|---|---|---|---|---|---|---|
| Dewey Decimal Classification | Non-fiction | Harvest Mission College | Harvest Mission College | General Stacks | 24.08.2018 | 207.6 G738M | 001815 | 24.08.2018 | 24.08.2018 | Books |
